书目信息 |
| 题名: |
建筑结构抗震设计
|
|
| 作者: | 李国强 编著 | |
| 分册: | ||
| 出版信息: | 北京 中国建筑工业出版社 2014 |
|
| 页数: | 292页 | |
| 开本: | 23cm | |
| 丛书名: | ||
| 单 册: | ||
| 中图分类: | TU352.104 | |
| 科图分类: | ||
| 主题词: | 建筑结构--防震设计--高等教育--教材 , 防震设计 , 建筑结构 | |
| 电子资源: | ||
| ISBN: | 978-7-112-16765-4 | |
| 000 | 01094nam0 2200277 450 | |
| 001 | 141152 | |
| 005 | 20170220155251.48 | |
| 010 | @a978-7-112-16765-4@dCNY 34.00 | |
| 100 | @a20140910d2014 em y0chiy50 ea | |
| 101 | 0 | @achi |
| 102 | @aCN@b110000 | |
| 105 | @aa z 000yy | |
| 200 | 1 | @a建筑结构抗震设计@9jian zhu jie gou kang zhen she ji@b专著@f李国强[等]编著 |
| 205 | @a4版 | |
| 210 | @a北京@c中国建筑工业出版社@d2014 | |
| 215 | @a292页@c图@d23cm | |
| 300 | @a普通高等教育土建学科专业“十二五”规划教材 “十二五”普通高等教育本科国家级规划教材 高校土木工程专业指导委员会规划推荐教材(经典精品系列教材) | |
| 304 | @a编著者还有:李杰、陈素文、陈建兵 | |
| 330 | @a本书主要内容包括:绪论、场地地基、结构地震反应分析与抗震计算、多层砌体结构抗震设计、多层高层建筑钢筋混凝土结构抗震设计、多高层建筑钢结构抗震设计、当曾厂房抗震设计、隔震减振与结构控制初步等。 | |
| 606 | 0 | @a建筑结构@x防震设计@x高等教育@j教材 |
| 606 | 0 | @a防震设计 |
| 606 | 0 | @a建筑结构 |
| 690 | @aTU352.104@v5 | |
| 701 | 0 | @a李国强@9li guo qiang@4编著 |
| 801 | 0 | @c20141106 |
| 905 | @a241430@dTU352.104@eL160=4 | |
| 建筑结构抗震设计/李国强[等]编著.-4版.-北京:中国建筑工业出版社,2014 |
| 292页:图;23cm |
| 普通高等教育土建学科专业“十二五”规划教材 “十二五”普通高等教育本科国家级规划教材 高校土木工程专业指导委员会规划推荐教材(经典精品系列教材) |
| ISBN 978-7-112-16765-4:CNY 34.00 |
| 本书主要内容包括:绪论、场地地基、结构地震反应分析与抗震计算、多层砌体结构抗震设计、多层高层建筑钢筋混凝土结构抗震设计、多高层建筑钢结构抗震设计、当曾厂房抗震设计、隔震减振与结构控制初步等。 |
| ● |
| 相关链接 |
|
|
|
正题名:建筑结构抗震设计
索取号:TU352.104/L160=4
 
预约/预借
| 序号 | 登录号 | 条形码 | 馆藏地/架位号 | 状态 | 备注 |
| 1 | 0837072 | 208370724 | 建筑库101/501自科库 108排1列2层/ [索取号:TU352.104/L160=4] | 在馆 | |
| 2 | 0837073 | 208370733 | 土木与交通工程学院资料室/土木与交通学院资料室 1排1列1层/ [索取号:TU352.104/L160=4] | 在馆 | |
| 3 | 0837074 | 208370742 | 建筑库101/101建筑库 82排4列3层/ [索取号:TU352.104/L160=4] | 在馆 | |
| 4 | 1239163 | 212391632 | 土木与交通工程学院资料室/ [索取号:TU352.104/L160=4] | 在馆 |